| 000 | 00000nam 2200000zi 4500 |
| 001 | 9.946562 |
| 003 | CaOODSP |
| 005 | 20250619151043 |
| 006 | m o d f |
| 007 | cr mn||||||||| |
| 008 | 250107t20252025onc ob f000 0 eng d |
| 020 | |a9780660751276 |
| 040 | |aCaOODSP|beng|erda|cCaOODSP |
| 043 | |an-cn--- |
| 045 | |ay2y2 |
| 086 | 1 |aCP22-228/2025E-PDF |
| 245 | 00|aUnderstanding firearms owners : |bmethodological report / |cprepared for the Privy Council Office (PCO). |
| 264 | 1|a[Ottawa] : |bGovernment of Canada, Privy Council Office = Gouvernement du Canada, Bureau du Conseil privé, |c2025. |
| 264 | 4|c©2025 |
| 300 | |a1 online resource (48 pages) |
| 336 | |atext|btxt|2rdacontent |
| 337 | |acomputer|bc|2rdamedia |
| 338 | |aonline resource|bcr|2rdacarrier |
| 500 | |aIssued also in French under title: Comprendre les propriétaires d'armes à feu : rapport méthodologique. |
| 500 | |a"Supplier: EKOS RESEARCH ASSOCIATES INC." |
| 500 | |a"Contract number: 35035-241438." |
| 500 | |a"Delivery date: January 9, 2025." |
| 500 | |a"Registration number: POR 071-24." |
| 504 | |aIncludes bibliographical references. |
| 650 | 0|aFirearms ownership|zCanada|xPublic opinion. |
| 650 | 0|aGun control|zCanada|xPublic opinion. |
| 650 | 0|aFirearms|xLaw and legislation|zCanada|xPublic opinion. |
| 650 | 0|aPublic opinion|zCanada. |
| 650 | 0|aFirearms owners|zCanada|xAttitudes. |
| 710 | 1 |aCanada. |bPrivy Council Office, |eissuing body. |
| 710 | 2 |aEkos Research Associates, |econsultant. |
| 775 | 08|tComprendre les propriétaires d'armes à feu : |w(CaOODSP)9.946563 |
| 856 | 40|qPDF|s856 KB|uhttps://publications.gc.ca/collections/collection_2025/bcp-pco/CP22-228-2025-eng.pdf|zMethodological report |
| 856 | 4 |qHTML|sN/A|uhttps://epe.bac-lac.gc.ca/100/200/301/pwgsc-tpsgc/por-ef/privy_council/2025/071-24-e/071-24-report.html|zMethodological report |
| 856 | 4 |qHTML|sN/A|uhttps://epe.bac-lac.gc.ca/100/200/301/pwgsc-tpsgc/por-ef/privy_council/2025/071-24-e/index.html?nodisclaimer=1|zComplete dataset |